000 00559nam a2200229Ia 4500
005 20250425161939.0
008 250425s9999 xx 000 0 und d
041 _aspa
082 _a658.404
110 _aCEPAL
245 0 _aMANUAL DE PROYECTOS DE DESARROLLO ECONOMICO
250 _a1A ED.
260 _aMEXICO
260 _aMéxico
_bONU
_c1958
300 _a264
650 _aESTUDIO DE MERCADO
650 _aEVALUACION DE PROYECTOS
650 _aGESTION DE PROYECTOS
650 _aPROYECTOS DE DESARROLLO
942 _c01
010 _a36221
999 _c219411
_d219411